Music Quiz

Random Music or Bands Quiz

First Word Band Names Quiz Stats

 Plays Quiz Updated May 9, 2016

Challenge
Share
Tweet
Embed
Score 0/30 Timer 04:00
71 Plays Today
First Word % Correct
Led
99.5%
Black
98.8%
Guns
98.4%
Red
98.3%
Bon
98.2%
Pink
98%
Nine
96.1%
New
95.2%
Van
95.2%
Foo
94.5%
Def
93.1%
Boyz
92%
Mötley
86.4%
Fleetwood
84.3%
Alice
83.6%
First Word % Correct
Deep
82.6%
Blue
82.6%
Lady
81%
Panic!
79.4%
Dixie
78.6%
Lynyrd
78.6%
Creedence
76.4%
Electric
75.1%
Plain
74.8%
Death
70.9%
Rascal
69.9%
Jimmy
68.7%
En
65.3%
Three
65.1%
Dexys
57.2%

You're not logged in!

Compare scores with friends on all Sporcle quizzes.
Join for Free
OR
Log In

Show Comments

Extras

Top Quizzes Today


Score Distribution

Your Account Isn't Verified!

In order to create a playlist on Sporcle, you need to verify the email address you used during registration. Go to your Sporcle Settings to finish the process.

Report this User

Report this user for behavior that violates our Community Guidelines.

Details: